000 00585nam a2200229Ia 4500
003 OSt
005 20220924152720.0
006 a|||||r|||| 00| 0
007 ta
008 220923b |||||||| |||| 00| 0 guj d
024 _a344080
037 _cTextual
040 _aARTS
_cARTS
_bguj
041 _2guj
_aguj
082 _aO156,1M58:g, H8
100 _aThakar D.P. Au.
_9227288
245 0 _aManilalni vichardhara
260 _c1948
650 _aGUJRATI LITERATURE
942 _hO156,1M58:g, H8
_cTEXL
_2CC
999 _c470763
_d470763